000 00931cam a2200265 i 4500
003 IT-RoINE
005 20211117062808.0
008 960726s1995 sp | r ||1 ||spa d
020 _a8472993442
040 _aSpMaBN
_cSpMaBN
_dIT-RoINE
100 1 _92652
_aGonzález Montes, Adolfo,
_cObispo de Almería,
_d1946-
245 1 0 _aTeología política contemporánea :
_bhistoria y sistemas /
_cAdolfo González Montes.
260 _aSalamanca :
_bUniversidad Pontificia de Salamanca,
_c1995.
300 _a347 p. ;
_c24 cm.
336 _2rdacontent
_atext
337 _2rdamedia
_aunmediated
338 _2rdacarrier
_avolume
490 1 _aBibliotheca Salmanticensis.
_aEstudios ;
_v171
500 _aIncluye índice.
504 _aBibliografía: p. [297]-315
650 4 _aTeología política
_93623
650 0 _aCristianismo y política
_94180
830 0 _93087
_aBibliotheca Salmanticensis.
_pEstudios ;
_v171
942 _cMTS
999 _c12763
_d12763